01106cam a2200277 a 45000010005000000030006000050050017000110080041000280100017000690200018000860400018001040420008001220500023001300820012001531000015001652450053001802600037002333000059002705000017003295000157003465050006005035200234005095210028007435210019007716500038007903437FISKH20240305145634.0110405s2010 nyua j 000 1 eng  a 2011288837 a9781423128618 aDLCcDLCbeng apcc00aPZ7b.F915735 201000a[E]222 aAnonymous 00aFriends stick together : bA sticker storybook / aNew York :bDisney Press,c2010. a12 unnumbered pages : bcolor illustrations ; c26 cm  aCover title. a101 reusable vinyl stickers, for use according to directions in the text, are on eight sheets, four each in pockets on fold-out p. [2] and [3] of cover. aG aReaders will enjoy re-creating moments from the film, or creating their own scenes with this exciting vinyl sticker book. Each spread features a background on which some of the more than 100 included vinyl stickers can be placed.8 a380 bLexile estimate 8 aG bRaz-Plus  0aToy and movable booksvSpecimens.